| Tag |
First Indicator |
Second Indicator |
Subfields |
| LEADER |
00000cam a2200000Ia 4500 |
| 001 |
in00002274913 |
| 005 |
20190326184314.0 |
| 006 |
m | d | |
| 007 |
cr |n||||||||n |
| 008 |
870429s1809 enk s 000 0 eng d |
| 040 |
|
|
|a NYG
|c GKR
|d OCL
|d Thomson Gale
|d UtOrBLW
|
| 043 |
|
|
|a e-uk-en
|
| 100 |
1 |
|
|a Burdett, Francis,
|d 1770-1844.
|
| 245 |
1 |
4 |
|a The plan of reform proposed by Sir Francis Burdett :
|b correctly reported in two speeches delivered in Parliament, recommending an inquiry into the state of the representation /
|c printed by order of the committee who conducted the late Westminster election.
|
| 264 |
|
3 |
|a London :
|b Printed for Bone and Hone,
|c 1809
|
| 264 |
|
3 |
|a [London] :
|b R. Taylor
|
| 300 |
|
|
|a iv, 24 pages
|
| 336 |
|
|
|a text
|b txt
|2 rdacontent
|
| 337 |
|
|
|a computer
|b c
|2 rdamedia
|
| 338 |
|
|
|a online resource
|b cr
|2 rdacarrier
|
| 500 |
|
|
|a "To which are added Mr. Perceval's objections to the motion and a list of the minority who voted for it in the House of Commons, June 15th 1809."
|
| 500 |
|
|
|a Reproduction of original from Goldsmiths' Library, University of London.
|
| 500 |
|
|
|a Goldsmiths'-Kress number 19925.
|
| 510 |
4 |
|
|a OCLC,
|c 15607081
|
| 533 |
|
|
|a Electronic reproduction.
|b Farmington Hills, Mich. :
|c Thomson Gale,
|d 2005.
|f (The making of the modern world).
|n Available via the World Wide Web.
|n Access limited to licensing agreements.
|7 s2005 miunns
|
| 500 |
|
|
|a Electronic resource.
|
| 650 |
|
0 |
|a Representative government and representation
|z England.
|
| 655 |
|
0 |
|a Electronic books.
|
| 700 |
1 |
|
|a Perceval, Spencer,
|d 1762-1812.
|
| 830 |
|
0 |
|a Making of the modern world (Goldsmiths'-Kress Library of Economic Literature)
|
| 856 |
4 |
0 |
|u http://proxy.library.tamu.edu/login?url=http://galenet.galegroup.com/servlet/MOME?af=RN&ae=U103030023&srchtp=a&ste=14&locID=txshracd2898
|z Connect to the full text of this electronic book
|t 0
|
| 999 |
|
|
|a MARS
|
| 999 |
f |
f |
|s 425f38b5-e828-3afc-a94c-7594e38f44ea
|i cc469ef7-6d39-3d1d-bdde-586a96e89a00
|t 0
|
| 952 |
f |
f |
|a Texas A&M University
|b College Station
|c Electronic Resources
|d Available Online
|t 0
|h No information provided
|
| 998 |
f |
f |
|t 0
|l Available Online
|